பத்தாயிரம் மைல் பயணம் (Record no. 51120)

MARC details
000 -LEADER
fixed length control field 00635nam a22001937a 4500
003 - CONTROL NUMBER IDENTIFIER
control field CUTN
005 - DATE AND TIME OF LATEST TRANSACTION
control field 20260421153806.0
008 - FIXED-LENGTH DATA ELEMENTS--GENERAL INFORMATION
fixed length control field 260421b |||||||| |||| 00| 0 eng d
020 ## - INTERNATIONAL STANDARD BOOK NUMBER
International Standard Book Number 9789388050371
041 ## - LANGUAGE CODE
Language Tamil
082 ## - DEWEY DECIMAL CLASSIFICATION NUMBER
Edition number 23rd
Classification number 894.8114
Item number IRA
100 ## - MAIN ENTRY--PERSONAL NAME
Personal name இறையன்பு, வெ.
245 ## - TITLE STATEMENT
Title பத்தாயிரம் மைல் பயணம்
250 ## - EDITION STATEMENT
Edition statement முதற்பதிப்பு
260 ## - PUBLICATION, DISTRIBUTION, ETC. (IMPRINT)
Place of publication, distribution, etc சென்னை:
Name of publisher, distributor, etc நியூ செஞ்சுரி புக் ஹவுஸ்,
Date of publication, distribution, etc 2022.
300 ## - PHYSICAL DESCRIPTION
Extent 302 p.; pbk
650 ## - SUBJECT ADDED ENTRY--TOPICAL TERM
Topical term or geographic name as entry element கட்டுரைகள்
942 ## - ADDED ENTRY ELEMENTS (KOHA)
Source of classification or shelving scheme Dewey Decimal Classification
Koha item type Tamil Books

No items available.